|
|
|
|
| LEADER |
00000nam a2200000 a 4500 |
| 001 |
vtls001227213 |
| 003 |
SK-MaSNL |
| 005 |
20260301195027.0 |
| 008 |
240314s1996 xo a r slo |
| 015 |
|
|
|a SNBA1996/0701926
|
| 020 |
|
|
|a 8008012234
|
| 035 |
|
|
|a SNK000174221
|
| 035 |
|
|
|a urn:nbn:sk:snk-amlp60
|
| 035 |
|
|
|a urn:nbn:sk:snk-am00c0kx
|
| 035 |
|
|
|a C4CD3A46-C44D-4894-BC6C-D933AFAEC516
|
| 040 |
|
|
|a SNK
|b slo
|c SNK
|e AACR2
|
| 041 |
0 |
|
|a slo
|
| 044 |
|
|
|a xo
|c SK
|
| 080 |
|
|
|a 372.41(075.2)
|2 1981
|
| 100 |
1 |
|
|a Virgovičová, Lýdia,
|d 1937-
|4 aut
|9 86337
|
| 245 |
1 |
0 |
|a Šlabikár pre 1. ročník základných škôl
|n 2. časť
|c Lýdia Virgovičová ; [ilustrovala Viera Kardelisová-Hrúzová]
|
| 250 |
|
|
|a 6. vyd.
|
| 260 |
|
|
|a Bratislava
|b Slovenské pedagogické nakladateľstvo
|c 1996
|
| 300 |
|
|
|a 74 s.
|c 30 cm
|
| 500 |
|
|
|a Ilustr. na tit. strane a front.
|
| 500 |
|
|
|a Údaj o ilustr. prevzatý z rubu tit. strany
|
| 650 |
0 |
7 |
|a čítanie
|x učebnice zákl. škôl (1. roč.)
|2 SNK
|9 291811
|
| 655 |
|
7 |
|a učebnice
|2 SNK
|9 22521
|
| 700 |
1 |
|
|a Kardelisová-Hrúzová, Viera,
|d 1947-
|4 ill
|9 86338
|
| 919 |
|
|
|a 80-08-01223-4
|
| 958 |
|
|
|a TL
|
| 958 |
|
|
|a UX
|
| 999 |
|
|
|c 883921
|d 885851
|
| 952 |
|
|
|t P60, <09>, [BOOK], {629}
|a SNK
|b SNK
|y NEVYP
|7 0
|o snkB 483
|i snk1691/960509
|0 0
|1 0
|4 0
|d 1996-05-08
|l 0
|r 2005-01-01 00:00:00
|w 2026-02-24
|
| 952 |
|
|
|t P60, <03>, [BOOK], {603}
|a SNK
|b SNK
|y PREZ
|7 0
|p 17A0003791
|o snkSB 55442/2
|i snkKSP 4197/96
|0 0
|1 0
|4 0
|d 1996-05-08
|f 1
|l 0
|r 2025-03-28 00:00:00
|w 2026-02-24
|
| 952 |
|
|
|a SNK
|b SNK
|y VYP
|7 0
|p 17A0003792
|o snkSB 55442/2 D1
|i snkKSP 4198/96
|0 0
|1 0
|4 0
|d 1996-05-08
|l 0
|r 2005-01-01 00:00:00
|w 2026-02-24
|